[Event "Jundiai Paulista Cup"]
[Site "Jundiai"]
[Date "2022.12.11"]
[Round "6"]
[White "Funayama S A, Yuri"]
[Black "Lima, Valdenicio Marcelin"]
[Result "1/2-1/2"]
[WhiteElo "1672"]
[BlackElo "1936"]
[PlyCount "71"]
[EventDate "2022.12.09"]
[EventType "swiss"]
[EventRounds "6"]
[EventCountry "BRA"]
[SourceTitle "CBM 212 Extra"]
[Source "ChessBase"]
[SourceDate "2023.03.31"]
[SourceVersion "1"]
[SourceVersionDate "2023.03.31"]
[SourceQuality "1"]

1. d4 Nf6 2. c4 e6 3. Nc3 Bb4 4. e3 d5 5. Nge2 0-0 6. a3 Bxc3+ 7. Nxc3 dxc4 8. Bxc4 a6 9. 0-0 b5 10. Be2 Bb7 11. Bf3 Bxf3 12. Qxf3 Nbd7 13. b4 Nb6 14. Ne2 Qd5 15. Qxd5 exd5 16. Bd2 Nc4 17. Bc3 c6 18. Rfc1 Rfe8 19. Nf4 Nd7 20. Be1 g5 21. Nd3 f5 22. g3 Kf7 23. a4 h5 24. Ra2 Ndb6 25. a5 Nd7 26. Bc3 Re4 27. Kg2 h4 28. Rh1 Rh8 29. Raa1 h3+ 30. Kf3 Rhe8 31. Rhd1 Nf6 32. Nc5 Nxe3 33. Nxe4 Nxe4 34. fxe3 g4+ 35. Ke2 Nxc3+ 36. Kd3 1/2-1/2

[Event "Sao Paulo op-C U1700 8th"]
[Site "Sao Paulo"]
[Date "2019.10.20"]
[Round "5"]
[White "Funayama S A, Yuri"]
[Black "Peixoto, Luis Fernando de Ol"]
[Result "1-0"]
[WhiteElo "1517"]
[BlackElo "1591"]
[PlyCount "103"]
[EventDate "2019.10.17"]
[EventType "swiss"]
[EventRounds "6"]
[EventCountry "BRA"]
[SourceTitle "CBM 192 Extra"]
[Source "Chessbase"]
[SourceDate "2019.11.06"]
[SourceVersion "1"]
[SourceVersionDate "2019.11.06"]
[SourceQuality "1"]

1. d4 d5 2. c4 e6 3. Nc3 Nf6 4. Nf3 Be7 5. Bf4 0-0 6. e3 b6 7. cxd5 exd5 8. Rc1 a6 9. a4 Bb7 10. Be2 Nbd7 11. Ne5 Nxe5 12. Bxe5 Rc8 13. Bf3 Ne4 14. 0-0 Bd6 15. Bxd6 Qxd6 16. Qc2 Nxc3 17. Qxc3 c5 18. Rfd1 c4 19. Rb1 b5 20. axb5 axb5 21. b3 b4 22. Qc2 c3 23. Rdc1 Ra8 24. Ra1 Rxa1 25. Rxa1 Ra8 26. Rxa8+ Bxa8 27. Qa2 Bc6 28. Bd1 h6 29. Bc2 g5 30. Qa6 Qc7 31. Kf1 Qb7 32. Qxb7 Bxb7 33. Ke2 Kf8 34. Kf3 h5 35. Kg3 f6 36. h4 Ke7 37. f4 gxf4+ 38. Kxf4 Bc8 39. g3 Bg4 40. e4 dxe4 41. Kxe4 Kd6 42. Ke3 Ke6 43. Kf4 Kd5 44. Ke3 Be6 45. Bd1 Bg4 46. Bxg4 hxg4 47. h5 Ke6 48. d5+ Kxd5 49. h6 Ke6 50. h7 c2 51. Kd2 Kf7 52. h8Q 1-0

[Event "Sao Paulo op-C U1700 8th"]
[Site "Sao Paulo"]
[Date "2019.10.18"]
[Round "2"]
[White "Krongold, Breno"]
[Black "Funayama S A, Yuri"]
[Result "0-1"]
[WhiteElo "1632"]
[BlackElo "1517"]
[PlyCount "84"]
[EventDate "2019.10.17"]
[EventType "swiss"]
[EventRounds "6"]
[EventCountry "BRA"]
[SourceTitle "CBM 192 Extra"]
[Source "Chessbase"]
[SourceDate "2019.11.06"]
[SourceVersion "1"]
[SourceVersionDate "2019.11.06"]
[SourceQuality "1"]

1. e4 c6 2. d4 d5 3. Nc3 dxe4 4. Nxe4 Bf5 5. Ng3 Bg6 6. Nf3 e6 7. Bd3 Bxd3 8. Qxd3 c5 9. Be3 cxd4 10. Nxd4 Nf6 11. 0-0 a6 12. Rfd1 Be7 13. Qb3 Qc8 14. Rd3 Nd5 15. Bd2 Nd7 16. Ndf5 Nc5 17. Nxe7 Nxe7 18. Qc3 Nxd3 19. Qxd3 0-0 20. c4 Rd8 21. Qe2 Qc6 22. Bc3 Ng6 23. Nh5 f6 24. Re1 e5 25. Ng3 Nf4 26. Qe4 Qxe4 27. Nxe4 Rac8 28. b3 Nd3 29. Re2 Nc5 30. Nxc5 Rd1+ 31. Be1 Rxc5 32. f3 b5 33. cxb5 axb5 34. Kf2 Rdc1 35. a4 bxa4 36. bxa4 R5c2 37. a5 Rxe2+ 38. Kxe2 Rc6 39. Bf2 Kf7 40. g4 Rc2+ 41. Kf1 Ra2 42. Kg2 Rxa5 0-1

[Event "Sao Paulo Karman Cup"]
[Site "Sao Paulo"]
[Date "2019.08.16"]
[Round "2"]
[White "Funayama S A, Yuri"]
[Black "Barros, Jardel Teti"]
[Result "0-1"]
[WhiteElo "1595"]
[BlackElo "1301"]
[PlyCount "106"]
[EventDate "2019.08.16"]
[EventType "swiss"]
[EventRounds "6"]
[EventCountry "BRA"]
[SourceTitle "EXT 2020"]
[Source "ChessBase"]
[SourceDate "2019.10.17"]
[SourceVersion "1"]
[SourceVersionDate "2019.10.17"]
[SourceQuality "1"]

1. d4 d5 2. c4 e6 3. Nc3 c6 4. e3 Nf6 5. Nf3 Bd6 6. cxd5 exd5 7. Bd3 Bg4 8. 0-0 0-0 9. h3 Bh5 10. Re1 Re8 11. a3 Nbd7 12. Be2 Bg6 13. Bd3 Bh5 14. Be2 Ne4 15. Nxe4 dxe4 16. Nd2 Bxe2 17. Qxe2 Qg5 18. Nf1 Re6 19. Qc2 Rae8 20. b4 Rg6 21. g3 Qh5 22. Kh2 Rh6 23. Kg1 Qxh3 24. Nh2 Qxh2+ 25. Kf1 Qh5 26. Qd1 Qf3 27. Qxf3 exf3 28. Kg1 Rh3 29. e4 Nf6 30. e5 Ng4 31. Re4 h5 32. Rf4 Bc7 33. Rxf3 Bb6 34. Bb2 Rd8 35. Rf4 g5 36. Rf5 Bxd4 37. Rxg5+ Kh7 38. Bxd4 Rxd4 39. Rf5 Kg6 40. Rf3 Nxe5 41. Re3 Ng4 42. Re7 Rd2 43. Rf1 Rh2 44. Re8 Kg7 45. Re4 Rdxf2 46. Rxg4+ hxg4 47. Rxf2 Rxf2 48. Kxf2 Kf6 49. Ke3 Ke5 50. a4 b5 51. a5 a6 52. Kd3 Kd5 53. Kc3 c5 0-1

[Event "Sao Paulo STD Gansl op"]
[Site "Sao Paulo"]
[Date "2019.05.25"]
[Round "4"]
[White "Borger, David Lupovici"]
[Black "Funayama S A, Yuri"]
[Result "1/2-1/2"]
[WhiteElo "1410"]
[BlackElo "1608"]
[PlyCount "71"]
[EventDate "2019.05.24"]
[EventType "swiss"]
[EventRounds "6"]
[EventCountry "BRA"]
[SourceTitle "CBM 190 Extra"]
[Source "ChessBase"]
[SourceDate "2019.07.15"]
[SourceVersion "1"]
[SourceVersionDate "2019.07.15"]
[SourceQuality "1"]

1. d4 d5 2. c4 e6 3. Nc3 Nf6 4. Bg5 Be7 5. Nf3 0-0 6. e3 Nbd7 7. Rc1 c6 8. Bd3 Re8 9. cxd5 exd5 10. 0-0 Nf8 11. Ne5 Ne6 12. f4 g6 13. Bxf6 Bxf6 14. f5 Ng7 15. fxg6 fxg6 16. Qf3 Bxe5 17. Qf7+ Kh8 18. dxe5 Bf5 19. Bxf5 Nxf5 20. Qxb7 Qb6 21. Qxb6 axb6 22. e4 dxe4 23. Nxe4 Rxa2 24. Rxc6 Rxe5 25. Nd6 Nxd6 26. Rxd6 Rxb2 27. Rd7 Re8 28. h3 Rb5 29. Rff7 Rh5 30. Kh2 b5 31. Rb7 Kg8 32. Rg7+ Kh8 33. Rgd7 Ra8 34. Re7 Kg8 35. Rg7+ Kh8 36. Rgd7 1/2-1/2

[Event "Sao Paulo STD Gansl op"]
[Site "Sao Paulo"]
[Date "2019.05.24"]
[Round "2"]
[White "Corbisier, Luis Augusto Ackerm"]
[Black "Funayama S A, Yuri"]
[Result "0-1"]
[WhiteElo "1611"]
[BlackElo "1608"]
[PlyCount "60"]
[EventDate "2019.05.24"]
[EventType "swiss"]
[EventRounds "6"]
[EventCountry "BRA"]
[SourceTitle "CBM 190 Extra"]
[Source "ChessBase"]
[SourceDate "2019.07.15"]
[SourceVersion "1"]
[SourceVersionDate "2019.07.15"]
[SourceQuality "1"]

1. d4 d5 2. e3 Nf6 3. c4 e6 4. cxd5 exd5 5. Nc3 Be7 6. Bb5+ c6 7. Ba4 0-0 8. Nf3 Bg4 9. 0-0 Na6 10. h3 Bh5 11. Re1 Nc7 12. e4 dxe4 13. Nxe4 Ne6 14. Nxf6+ Bxf6 15. Be3 Bxf3 16. Qxf3 Nxd4 17. Bxd4 Qxd4 18. Bb3 Qxb2 19. Rab1 Qd2 20. Re2 Qa5 21. Bc2 Rab8 22. Qe4 g6 23. Qf4 Kg7 24. g4 Bg5 25. Qd4+ Bf6 26. Qf4 Qxa2 27. Rbe1 Qd5 28. h4 Bxh4 29. Re5 Qd8 30. g5 Bxg5 0-1

[Event "BRA-ch U14"]
[Site "Florianopolis"]
[Date "2019.04.21"]
[Round "6"]
[White "Da Rosa, Henrique Jaze Simoe"]
[Black "Funayama S A, Yuri"]
[Result "1/2-1/2"]
[WhiteElo "1649"]
[BlackElo "1581"]
[PlyCount "131"]
[EventDate "2019.04.18"]
[EventType "swiss"]
[EventRounds "6"]
[EventCountry "BRA"]
[SourceTitle "CBM 190 Extra"]
[Source "ChessBase"]
[SourceDate "2019.07.15"]
[SourceVersion "1"]
[SourceVersionDate "2019.07.15"]
[SourceQuality "1"]

1. Nf3 d5 2. c4 d4 3. b4 f6 4. e3 e5 5. c5 a5 6. Qb3 axb4 7. Qxb4 Na6 8. Bxa6 Rxa6 9. 0-0 dxe3 10. fxe3 Ne7 11. d4 Nd5 12. Qb2 e4 13. Nh4 g6 14. g3 Bh6 15. Qe2 0-0 16. Ng2 Be6 17. Bd2 Qa8 18. Bc3 Ne7 19. Rf2 f5 20. Be1 Nd5 21. Bc3 Nf6 22. Nf4 Bf7 23. Bb4 Ra4 24. Qb2 c6 25. Nc3 Ra7 26. Rd1 Rd8 27. Rfd2 Ng4 28. Re1 Nf6 29. a3 Bxf4 30. exf4 Rd7 31. Red1 Qd8 32. Qc2 Bc4 33. Na4 Bd3 34. Qb3+ Rf7 35. Bc3 Nd5 36. Nb2 Ba6 37. Re1 Kf8 38. Bb4 Rd7 39. Nc4 Nc7 40. Nd6 Nb5 41. Nxb5 Bxb5 42. Qc3 Rd5 43. Kf2 Qf6 44. Ke3 Ra8 45. Ba5 Re8 46. Bc7 Kf7 47. Be5 Qd8 48. Ra1 Qa8 49. Qb4 Qa7 50. a4 Bd3 51. Rb2 Ba6 52. Rab1 Rd7 53. Qb3+ Re6 54. Qb4 Bd3 55. Rc1 Qa6 56. a5 Bb5 57. Rc3 Re8 58. Qb3+ Rd5 59. Qb4 Ra8 60. Ra3 h6 61. Bc7 Re8 62. Be5 g5 63. Rf2 Kg6 64. Ra1 g4 65. Rh1 Re7 66. h3 1/2-1/2

[Event "Pinheiros CC-ch"]
[Site "Pinheiros"]
[Date "2019.04.13"]
[Round "2"]
[White "Funayama S A, Yuri"]
[Black "Bicalho, Rafael Cury"]
[Result "1-0"]
[WhiteElo "1581"]
[BlackElo "1477"]
[PlyCount "79"]
[EventDate "2019.04.06"]
[EventType "tourn"]
[EventRounds "11"]
[EventCountry "BRA"]
[SourceTitle "EXT 2020"]
[Source "ChessBase"]
[SourceDate "2019.10.17"]
[SourceVersion "1"]
[SourceVersionDate "2019.10.17"]
[SourceQuality "1"]

1. d4 c5 2. d5 d6 3. c4 b5 4. cxb5 a6 5. Nc3 axb5 6. e4 b4 7. Nb5 Ba6 8. Bd3 g6 9. Bf4 Bg7 10. Rb1 Qa5 11. a4 b3+ 12. Bd2 Qb6 13. Qxb3 Nf6 14. Nf3 0-0 15. Qc2 Nbd7 16. 0-0 Ng4 17. b4 Rfc8 18. bxc5 Rxc5 19. Nc3 Bxd3 20. Qxd3 Qc7 21. Nb5 Qc8 22. Qb3 Nge5 23. Nxe5 Nxe5 24. Bb4 Rc4 25. Rfe1 Qg4 26. f3 Qg5 27. Rf1 Qh6 28. f4 Ng4 29. h3 Rxe4 30. hxg4 Rxf4 31. a5 Rb8 32. Bc3 Rxf1+ 33. Rxf1 Qe3+ 34. Rf2 Qc1+ 35. Kh2 Qh6+ 36. Kg3 Rxb5 37. Qxb5 Bxc3 38. Qe8+ Kg7 39. Qxf7+ Kh8 40. Qe8+ 1-0

[Event "Paulista-ch"]
[Site "Sao Paulo"]
[Date "2018.11.10"]
[Round "4"]
[White "Silva, Kaua Marques"]
[Black "Funayama S A, Yuri"]
[Result "1-0"]
[WhiteElo "1778"]
[BlackElo "1671"]
[PlyCount "91"]
[EventDate "2018.11.09"]
[EventType "swiss"]
[EventRounds "6"]
[EventCountry "BRA"]
[SourceTitle "CBM 187 Extra"]
[Source "ChessBase"]
[SourceDate "2018.11.04"]
[SourceVersion "1"]
[SourceVersionDate "2018.11.04"]
[SourceQuality "1"]

1. e4 c6 2. d4 d5 3. Nd2 dxe4 4. Nxe4 Bf5 5. Ng3 Bg6 6. h4 h6 7. h5 Bh7 8. Nf3 Nd7 9. Bd3 Bxd3 10. Qxd3 Ngf6 11. Bf4 e6 12. 0-0-0 Be7 13. Kb1 Qb6 14. Ne4 Nxe4 15. Qxe4 Ba3 16. Bc1 Nf6 17. Qd3 Bd6 18. Ne5 0-0 19. g4 Rfd8 20. Nc4 Qc7 21. g5 hxg5 22. Bxg5 Be7 23. h6 g6 24. Ne5 Nh7 25. Bf4 Bd6 26. Rdg1 Kh8 27. Qg3 Kg8 28. Nxf7 Qxf7 29. Bxd6 g5 30. Be5 Rd5 31. f4 Rf8 32. fxg5 Qg6 33. Rf1 Rxf1+ 34. Rxf1 c5 35. Bf6 Rf5 36. Qb8+ Nf8 37. Rxf5 Qxf5 38. b3 cxd4 39. Qxb7 Qg6 40. Qg7+ Qxg7 41. Bxg7 Nh7 42. g6 Nf8 43. Bxf8 Kxf8 44. Kc1 e5 45. Kd2 e4 46. c4 1-0

[Event "Homs Xeque Mate op"]
[Site "Sao Paulo"]
[Date "2018.10.28"]
[Round "5"]
[White "Funayama S A, Yuri"]
[Black "Tsuchie, Pedro Pinheiro"]
[Result "1-0"]
[WhiteElo "1673"]
[BlackElo "1150"]
[PlyCount "179"]
[EventDate "2018.10.27"]
[EventType "swiss"]
[EventRounds "5"]
[EventCountry "BRA"]
[SourceTitle "CBM 187 Extra"]
[Source "ChessBase"]
[SourceDate "2018.11.04"]
[SourceVersion "1"]
[SourceVersionDate "2018.11.04"]
[SourceQuality "1"]

1. d4 d5 2. Nf3 Nf6 3. Bf4 c5 4. c3 Nc6 5. e3 e6 6. Bd3 b6 7. 0-0 Bd6 8. Bxd6 Qxd6 9. Nbd2 0-0 10. a4 Bb7 11. Qc2 h6 12. Rfb1 Rac8 13. Qd1 c4 14. Bc2 Ne7 15. a5 Rc7 16. Ne5 Ne8 17. Qg4 Nf6 18. Qh3 Ne4 19. Nef3 Nf5 20. axb6 axb6 21. Nxe4 dxe4 22. Nd2 Qd5 23. Bxe4 Qb5 24. Bxb7 Rxb7 25. e4 Nd6 26. Qe3 Rd7 27. Qe2 Rfd8 28. e5 Nf5 29. Qxc4 Qxc4 30. Nxc4 b5 31. Nd2 b4 32. Nf3 bxc3 33. bxc3 Rc7 34. Rc1 Rdc8 35. Ra3 Ne7 36. Nd2 Nd5 37. c4 Nb6 38. Rac3 Kf8 39. c5 Nd5 40. R3c2 Nb4 41. Rc4 Nc6 42. Ne4 Rd8 43. Nd6 f6 44. f4 Ra7 45. Rb1 Rda8 46. Nb5 Ra4 47. Rbc1 Ke7 48. Kf2 Ra2+ 49. Kf3 R8a5 50. Nd6 R5a3+ 51. R4c3 Rxc3+ 52. Rxc3 Nxd4+ 53. Ke3 Nc6 54. exf6+ gxf6 55. Kf3 Nd4+ 56. Ke4 Nc6 57. Rg3 f5+ 58. Kd3 Kf6 59. Kc4 Rf2 60. Kb5 Nd4+ 61. Kb6 Rb2+ 62. Kc7 Rf2 63. Rd3 Nc2 64. Kd7 Nb4 65. Rd4 Nd5 66. c6 Rxg2 67. Ne8+ Kf7 68. Nc7 Nb6+ 69. Kd6 Nc8+ 70. Kc5 Rc2+ 71. Rc4 Ra2 72. Nb5 Ke7 73. c7 Rd2 74. Kc6 Kf6 75. Kb7 Ne7 76. h4 Rb2 77. Kb6 Nd5+ 78. Kc5 Nxc7 79. Nxc7 Rh2 80. Kd6 Rd2+ 81. Kc6 Rh2 82. Kd7 Rxh4 83. Nxe6 Kg6 84. Ke7 Kh5 85. Kf6 Kg4 86. Ng7 Kf3 87. Kxf5 Rh1 88. Rc3+ Ke2 89. Kg6 Rf1 90. f5 1-0

[Event "Homs Xeque Mate op"]
[Site "Sao Paulo"]
[Date "2018.10.27"]
[Round "3"]
[White "Funayama S A, Yuri"]
[Black "Fujita, Gabriela Akemi"]
[Result "1-0"]
[WhiteElo "1673"]
[BlackElo "1210"]
[PlyCount "85"]
[EventDate "2018.10.27"]
[EventType "swiss"]
[EventRounds "5"]
[EventCountry "BRA"]
[SourceTitle "CBM 187 Extra"]
[Source "ChessBase"]
[SourceDate "2018.11.04"]
[SourceVersion "1"]
[SourceVersionDate "2018.11.04"]
[SourceQuality "1"]

1. d4 Nf6 2. c4 g6 3. Nc3 Bg7 4. e4 d6 5. Be2 0-0 6. Bg5 Nbd7 7. Nf3 e5 8. dxe5 Nxe5 9. Nxe5 dxe5 10. Qxd8 Rxd8 11. Nd5 Rd6 12. Nxc7 Rb8 13. Nb5 Ra6 14. f3 Be6 15. Nc7 Rc6 16. Nxe6 Rxe6 17. 0-0 Rb6 18. b3 h6 19. Be3 Ra6 20. Rfd1 Ra8 21. Rd2 Kh7 22. a4 Rc6 23. Rad1 Rcc8 24. Rd6 a6 25. Rb6 Rab8 26. Rdd6 Ne8 27. Rd7 Kg8 28. Rbxb7 Rxb7 29. Rxb7 Nf6 30. Ra7 Rc6 31. Ra8+ Kh7 32. c5 Nd7 33. Rxa6 Rc7 34. b4 Nb8 35. Rb6 Nc6 36. a5 Na7 37. a6 Nc6 38. b5 Na7 39. Rb7 Rc8 40. Rxa7 Kg8 41. b6 Bf8 42. b7 Rb8 43. Ra8 1-0

[Event "Sao Paulo Karman Cup"]
[Site "Sao Paulo"]
[Date "2018.08.10"]
[Round "1"]
[White "Funayama S A, Yuri"]
[Black "Haraguchi, Diego Sashaki"]
[Result "1-0"]
[WhiteElo "1613"]
[BlackElo "1332"]
[PlyCount "119"]
[EventDate "2018.08.10"]
[EventType "swiss"]
[EventRounds "6"]
[EventCountry "BRA"]
[SourceTitle "CBM 186 Extra"]
[Source "ChessBase"]
[SourceDate "2018.08.24"]
[SourceVersion "1"]
[SourceVersionDate "2018.08.24"]
[SourceQuality "1"]

1. d4 Nf6 2. Nf3 g6 3. Bf4 Bg7 4. e3 d5 5. Bd3 c5 6. c3 Nc6 7. Nbd2 cxd4 8. cxd4 Bg4 9. Qb3 Qb6 10. 0-0 0-0 11. Ne5 Qxb3 12. Nxb3 Nb4 13. h3 Nxd3 14. Nxd3 Bf5 15. Ne5 Nd7 16. Nxd7 Bxd7 17. Nc5 Bc6 18. Rac1 Rac8 19. a3 b6 20. Nb3 Bb5 21. Rfe1 Rc4 22. Nd2 Rcc8 23. b4 f6 24. Nf3 Rc4 25. Rxc4 Bxc4 26. Rc1 Rc8 27. Nd2 b5 28. Nb3 e5 29. Bg3 Re8 30. Na5 exd4 31. exd4 Re4 32. Nc6 Re2 33. Nxa7 Ra2 34. Rc3 Bh6 35. Nc6 f5 36. f4 g5 37. Ne7+ Kf8 38. Nxf5 gxf4 39. Nxh6 fxg3 40. Rxg3 Rd2 41. Nf5 Bd3 42. Rf3 Kg8 43. Ne7+ Kg7 44. Nxd5 Be4 45. Rg3+ Kf7 46. Nc7 Bc6 47. d5 Bxd5 48. Nxd5 Rxd5 49. Rc3 Rd1+ 50. Kf2 Ra1 51. Kg3 Ke6 52. Kh4 Ra2 53. g4 Kf6 54. Rc6+ Kg7 55. Ra6 Rd2 56. Kh5 Rd3 57. h4 Rd5+ 58. g5 Kh8 59. Kh6 Rd6+ 60. Rxd6 1-0

[Event "Primeira-ch ECP"]
[Site "Sao Paulo"]
[Date "2018.06.30"]
[Round "11.3"]
[White "Funayama S A, Yuri"]
[Black "Tannous, Thiago Saddi"]
[Result "0-1"]
[WhiteElo "1504"]
[BlackElo "1837"]
[PlyCount "74"]
[EventDate "2018.04.07"]
[EventType "tourn"]
[EventRounds "11"]
[EventCountry "BRA"]
[SourceTitle "EXT 2022"]
[Source "ChessBase"]
[SourceDate "2021.10.06"]
[SourceVersion "1"]
[SourceVersionDate "2021.10.06"]
[SourceQuality "1"]

1. d4 c5 2. d5 Nf6 3. c4 b5 4. cxb5 a6 5. Nc3 d6 6. e4 g6 7. bxa6 Bxa6 8. Qa4+ Nfd7 9. Bb5 Bg7 10. Nge2 0-0 11. 0-0 Nb6 12. Qb3 Bxb5 13. Qxb5 Na6 14. Bg5 Qc7 15. Bxe7 Qxe7 16. Qxb6 Nb4 17. Nb5 Ra6 18. Qc7 Qxe4 19. Nbc3 Bxc3 20. Nxc3 Qf5 21. a3 Rfa8 22. Rad1 Nd3 23. Rd2 Nf4 24. Nb5 Qg5 25. f3 Nh3+ 26. Kh1 Qxd2 27. Nxd6 Qxd5 28. Ne4 Nf4 29. Qxf4 Kg7 30. Qh4 Qd4 31. Qf2 Rb6 32. Nc3 Qc4 33. Rb1 Qxc3 34. Qg1 Rxb2 35. Rc1 Rc2 36. Rd1 Rxa3 37. h3 Raa2 0-1